000 00265nam a2200109Ia 4500
008 190914s9999||||xx |||||||||||||| ||und||
100 _aAli Shaikh
245 0 _aSindh : Through The Centuries II
260 _aLahore
_bMansoor Book
_c2002
300 _a672
942 _cBK
999 _c9367
_d9367